[Event "Mittelrhein Verbandsliga Nord 1920"]
[Site "Mittelrhein"]
[Date "2019.12.08"]
[Round "4.6"]
[White "Robeck, Guido"]
[Black "Georgi, Thomas"]
[Result "1/2-1/2"]
[WhiteElo "1741"]
[BlackElo "1782"]
[PlyCount "27"]
[EventDate "2019.09.29"]
[EventType "team-tourn"]
[EventRounds "9"]
[EventCountry "GER"]
[SourceTitle "EXT 2023"]
[Source "ChessBase"]
[SourceDate "2022.10.05"]
[SourceVersion "1"]
[SourceVersionDate "2022.10.05"]
[SourceQuality "1"]
[WhiteTeam "Leverkusen Koenigsspringer"]
[BlackTeam "Klub Koelner SF III"]
[WhiteTeamCountry "GER"]
[BlackTeamCountry "GER"]

1. d4 d5 2. e3 Nf6 3. Bd3 c5 4. c3 c4 5. Bc2 Bg4 6. f3 Bh5 7. Ne2 Bg6 8. b3 b5 9. a4 cxb3 10. Bxg6 hxg6 11. axb5 Qc7 12. Qxb3 Nbd7 13. Ba3 e6 14. Bxf8 1/2-1/2